000
00253nam a2200109Ia 4500
008
190911s9999||||xx |||||||||||||| ||und||
100
_a
Gary W. Sabot
245
0
_a
High Performance Computing
260
_a
USA
_b
Pearson
_c
1995
300
_a
246
942
_c
BK
999
_c
6955
_d
6955